Normal view
MARC view
Entry Personal Name
001 - CONTROL NUMBER
- control field: 20251
003 - CONTROL NUMBER IDENTIFIER
- control field: ARRUPE
005 - DATE AND TIME OF LATEST TRANSACTION
- control field: 20151013160415.0
008 - FIXED-LENGTH DATA ELEMENTS
- fixed length control field: 151013|| aca||aabn | a|a d
040 ## - CATALOGING SOURCE
- Original cataloging agency: ARRUPE
- Transcribing agency: ARRUPE
100 ## - HEADING--PERSONAL NAME
- Personal name: Heidegger, Martin,
- Dates associated with a name: 1889-1976
- Form subdivision: Correspondence.
670 ## - SOURCE DATA FOUND
- Source citation: Work cat.: (ARRUPE)0: Heidegger, Martin, 1889-1976. 20249, Zollikon seminars :, c2001.